Super Smash Bros. - Kid Icarus Universe - Statistics

General Stats
  • This quiz has been taken 42 times
    40 since last reset
  • The average score is 24 of 70
Answer Stats
Hint Answer % Correct
Fighters Palutena
100%
Fighters Pit
100%
Trophies Pit (Eggplant)
100%
Spirits Pit (Original)
100%
Fighters Dark Pit
97%
Stages Palutena's Temple
86%
Stages Skyworld
86%
Spirits Viridi
86%
Spirits Hades
79%
Spirits Hades (Final Form)
79%
Assist Trophies Phosphora
76%
Trophies Reset Bomb
76%
Assist Trophies Magnus
72%
Spirits Medusa
72%
Spirits Medusa (Kid Icarus: Uprising)
72%
Stages Reset Bomb Forest
66%
Spirits Eggplant Wizard
59%
Spirits Thanatos
52%
Masterpieces Kid Icarus
48%
Spirits Pandora
48%
Items Staff
48%
Spirits Three Sacred Treasures
45%
Spirits Centurion
38%
Items Daybreak
38%
Items Back Shield
34%
Trophies Palutena's Army
34%
Enemies Mimicutie
31%
Enemies Monoeye
31%
Items Ore Club
31%
Spirits Amazon Pandora
28%
Enemies Reaper & Reapette
28%
Spirits Twinbellows
28%
Spirits Hewdraw
24%
Spirits Pseudo-Palutena
24%
Items X Bomb
24%
Trophies Arlon the Serene
21%
Spirits Dyntos
21%
Items Killer Eye
21%
Trophies Dark Pit Staff
17%
Trophies Pyrrhon
17%
Enemies Souflee
17%
Enemies Boom Stomper
14%
Trophies Chaos Kin
14%
Enemies Orne
14%
Trophies Palutena's Bow
14%
Enemies Skuttler
14%
Trophies Black Hole Laser
10%
Trophies Chariot Master
10%
Enemies Clubberskull
10%
Trophies Cragalanche the Mighty
10%
Trophies Galactic Fiend Kraken
10%
Trophies Great Reaper
10%
Trophies Guardian Orbitars
10%
Enemies Lurchthorn
10%
Spirits Lurchthorn
10%
Enemies Skuttler Cannoneer
10%
Enemies Skuttler Mage
10%
Spirits Specknose
10%
Trophies Upperdash Arm
10%
Enemies Bumpety Bomb
7%
Enemies Daphne
7%
Trophies Fiend's Cauldron
7%
Enemies Flage
7%
Trophies Mik
7%
Trophies Space Pirate Ship
7%
Enemies Zuree
7%
Enemies Lethinium
3%
Enemies Mahva
3%
Enemies Megonta
3%
Enemies Nutski
3%
No matching quizzes found
Score Distribution
Percent of People with Each Score
Percentile by Number Answered
Your Score History
You have not taken this quiz since the last reset